LEADER 01338nam a2200289 i 4500 001 000000119307 003 CaOOAMICUS 005 20031023000000.0 008 031023s1995 it u000 u ita u 013 $a92000 020 $a88-384-2368-7 040 $aSeMil$bita 100 1 $aAnzani Colombo, Adelaide.$0(OLS)http://semarc/name/17803 245 10$aPer fede per amore :$bcommento ai Vangeli delle domeniche /$cAdelaide Anzani Colombo ; prefazione del Cardinale Ersilio Tonini. 260 $aCasale Monferrato (AL) :$bPiemme,$c1995. 300 $a302 p. ;$c22 cm. 500 $aFondo Card. C.M. Martini. 650 4$aLezionario romano festivo - Commenti e studi.$0(OLS)http://semarc/subject/539 650 4$aBibbia - NT - Vangeli - Commenti ai brani liturgici.$0(OLS)http://semarc/subject/1347 700 1 $aTonini, Ersilio,$c.$0(OLS)http://semarc/name/17706 850 $aSeMil 852 $aSeMil$W1$xVenegono$y1$m3F VI 135$j74538$B74538$CSeMilBibl$Z2$F83588 $81 941 1 $a4 961 $aOmaggio: Martini Card. Carlo Maria 996 $6020$a88-384-2368-7$9(OLS)http://semarc/number/104159 996 $6245$aPer fede per amore :$bcommento ai Vangeli delle domeniche$9(OLS)http://semarc/title/175330 996 $6260$aCasale Monferrato (AL) :$bPiemme$9(OLS)http://semarc/publisher/30052 LEADER 00550naa a2200145 i 4500 001 000000327771 003 CaOOAMICUS 005 20180831173548.0 008 180831n it u000 u ita u 013 $a39362 040 $aSeMil$bita 245 10$aFrancesco e Le vie della pace. 650 4$aFrancesco : d'Assisi - Pace.$0(OLS)http://semarc/subject/32010 773 0 $tFrancesco d'Assisi uomo di fede.$dPadova : Messaggero, 1995.$z88-250-0495-8$gp.61-70$w()204893 996 $6245$aFrancesco e Le vie della pace$9(OLS)http://semarc/title/416383